000 00279nam a2200121 i 4500
001 bg
245 0 _aKvantovaja elektronika i lasernaja spektroskopija.
260 _aMinsk,
_c1974.
040 _cBPK
041 _apol
942 _cKS
008 s pl f |000 0 pol
999 _c26596
_d26596
856 _uhttp://koha.tu.koszalin.pl/cgi-bin/koha/opac-detail.pl?biblionumber=26596
_yKatalog online BPK